000 00562nam a2200229Ia 4500
003 OSt
005 20220924134824.0
006 a|||||r|||| 00| 0
007 ta
008 220923b |||||||| |||| 00| 0 ben d
024 _a287431
037 _cTextual
040 _aARTS
_cARTS
_bben
041 _2ben
_aben
082 _a902, 157K0.1
100 _aBandhopadhyay S.
_9209332
245 0 _aBharater gyan bigyan
260 _c1960
490 _vVol. 1
942 _h902, 157K0.1
_cTEXL
_2CC
999 _c438748
_d438748